[Event "Oberpfalz-ch M3"]
[Site "Roding"]
[Date "2010.03.30"]
[Round "7"]
[White "Engl, Martin"]
[Black "Lichtenegger, Christian"]
[Result "0-1"]
[WhiteElo "1421"]
[BlackElo "1432"]
[PlyCount "51"]
[EventDate "2010.03.27"]
[EventType "swiss"]
[EventRounds "8"]
[EventCountry "GER"]
[SourceTitle "EXT 2012"]
[Source "ChessBase"]
[SourceDate "2011.11.24"]
[SourceVersion "1"]
[SourceVersionDate "2011.11.24"]
[SourceQuality "1"]

1. d4 d5 2. c4 c6 3. Nc3 Nf6 4. Bg5 e6 5. Nf3 Nbd7 6. e3 Qa5 7. cxd5 exd5 8. Bd3 Ne4 9. Bxe4 dxe4 10. Nd2 Qxg5 11. Ndxe4 Qxg2 12. Ke2 Nb6 13. Qb3 Be6 14. Qc2 Qg4+ 15. Ke1 Bb4 16. Ng3 0-0-0 17. b3 Nd5 18. Nge2 Nxc3 19. Nxc3 Bf5 20. Qb2 Qg2 21. Rf1 Rhe8 22. Kd2 c5 23. a3 cxd4 24. axb4 dxc3+ 25. Kxc3 Rd3+ 26. Kc4 0-1

[Event "Oberpfalz-ch M3"]
[Site "Roding"]
[Date "2010.03.27"]
[Round "1"]
[White "Engl, Martin"]
[Black "Kammer, Philipp"]
[Result "1-0"]
[WhiteElo "1421"]
[BlackElo "968"]
[PlyCount "47"]
[EventDate "2010.03.27"]
[EventType "swiss"]
[EventRounds "8"]
[EventCountry "GER"]
[SourceTitle "EXT 2012"]
[Source "ChessBase"]
[SourceDate "2011.11.24"]
[SourceVersion "1"]
[SourceVersionDate "2011.11.24"]
[SourceQuality "1"]

1. d4 d5 2. c4 Nf6 3. Nc3 Bf5 4. Bg5 e6 5. Nf3 h6 6. Bh4 g5 7. Bg3 Bd6 8. Bxd6 Qxd6 9. c5 Qe7 10. e3 Nc6 11. Bb5 Bg4 12. 0-0 Qd7 13. Re1 a6 14. Ba4 b5 15. cxb6 cxb6 16. Rc1 b5 17. Nxb5 axb5 18. Bxb5 Rc8 19. Qa4 Qd8 20. Bxc6+ Kf8 21. Ne5 Bf5 22. Bd7 Rxc1 23. Rxc1 Ke7 24. Nc6+ 1-0